000 01036nam a2200241 a 4500
001 000035406
005 20260420181238.0
008 111031s1962 ag 000 0 spa d
040 _aDO-SdBNP
_bspa
_cBNPHU
082 _a301
_bK29f
100 1 _aKelle, Vladislav
_961232
245 1 0 _aFormas de la conciencia social. /
_cVladislav Kelle ; traducción directa del ruso de : Celia Dujovne y Carlos A. Agosti.
260 _aBuenos Aires :
_bLautaro,
_c1962.
300 _a238 p. ;
_c21 cm.
490 1 _aEnsayos fundamentales
505 0 _aLa conciencia social, reflejo de la existencia social --
_tLa ideología política --
_tLa conciencia jurídica --
_tLa moral --
_tLa religión --
_tLa ciencia --
_tEl arte --
_tLa filosofía.
590 _aPerteneció a la biblioteca personal de Juan Isidro Jimenes Grullón
650 0 _aComunismo y sociedad
_932559
700 1 2 _aDujovne, Celia,
_etr.
_961233
700 1 2 _aAgosti., Carlos A. ,
_etr.
_961234
830 0 _aEnsayos fundamentales
_961235
910 _aValidado. Control de calidad MFF
999 _c34897
_d34897